Catálogo

Entre la fe y la guerra : (Registro nro. 63422)

Detalles MARC
000 -LEADER
fixed length control field 01126nam a2200289 a 4500
001 - CONTROL NUMBER
control field 63422
005 - DATE AND TIME OF LATEST TRANSACTION
control field 20180714065837.0
008 - FIXED-LENGTH DATA ELEMENTS--GENERAL INFORMATION
fixed length control field 150828s2007 mx ae r 000 0 spa d
020 ## - INTERNATIONAL STANDARD BOOK NUMBER
International Standard Book Number 9789685122986
040 ## - CATALOGING SOURCE
Original cataloging agency MX-PuUPA
Language of cataloging spa
Description conventions rda
Transcribing agency Mx-PuUPA
Modifying agency Mx-PuUPA
041 0# - LANGUAGE CODE
Language code of text/sound track or separate title spa
082 0# - DEWEY DECIMAL CLASSIFICATION NUMBER
Classification number 972.07
Item number SAL
100 1# - MAIN ENTRY--PERSONAL NAME
Personal name Salazar Exaire, Celia,
Relator term autor
245 10 - TITLE STATEMENT
Title Entre la fe y la guerra :
Remainder of title memoria e identidad en torno al fuerte de loreto /
Statement of responsibility, etc. Celia Salazar Exaire, Margarita Piña Loredo, Enrique Gómez Osorio, Jesús Joel Peña Espinosa.
250 ## - EDITION STATEMENT
Edition statement Primera edición
264 #1 - PRODUCTION, PUBLICATION, DISTRIBUTION, MANUFACTURE, AND COPYRIGHT NOTICE
Place of production, publication, distribution, manufacture Puebla, México :
Name of producer, publisher, distributor, manufacturer Universidad de las Améericas Puebla,
Date of production, publication, distribution, manufacture, or copyright notice 2007
300 ## - PHYSICAL DESCRIPTION
Extent 135 páginas :
Other physical details ilustraciones (principalmente a color), planos ;
Dimensions 23 cm.
336 ## - CONTENT TYPE
Content type term texto
Source rdacontent
337 ## - MEDIA TYPE
Media type term sin mediación
Source rdamedia
338 ## - CARRIER TYPE
Carrier type term volumen
Source rdacarrier
650 #4 - SUBJECT ADDED ENTRY--TOPICAL TERM
Topical term or geographic name entry element Monumentos Históricos
Geographic subdivision Puebla (Ciudad)
651 #4 - SUBJECT ADDED ENTRY--GEOGRAPHIC NAME
Geographic name México
General subdivision Historia
651 #4 - SUBJECT ADDED ENTRY--GEOGRAPHIC NAME
Geographic name Puebla
General subdivision Historia
700 1# - ADDED ENTRY--PERSONAL NAME
Personal name Piña Loredo, Margarita
Relator term autor
700 1# - ADDED ENTRY--PERSONAL NAME
Personal name Gómez Osorio, Enrique
Relator term autor
700 1# - ADDED ENTRY--PERSONAL NAME
Personal name Peña Espinosa, Jesús Joel
Relator term autor
Existencias
Withdrawn status Lost status Source of classification or shelving scheme Damaged status Not for loan Collection code Home library Current library Shelving location Date acquired Source of acquisition Inventory number Total Checkouts Full call number Barcode Date last seen Price effective from Koha item type Date last checked out
    Dewey Decimal Classification   Consulta en sala Puebla Biblioteca Karol Wojtyla Biblioteca Karol Wojtyla Área de silencio 28/08/2015 Compra 151000000000000000017386   972.07 SAL 2007 94358 05/01/2026 15/10/2015 Libro  
    Dewey Decimal Classification     General Biblioteca Karol Wojtyla Biblioteca Karol Wojtyla Sala general 06/03/2017 Compra 151000000000000000037916 1 972.07 SAL 2007 97029 05/01/2026 08/03/2017 Libro 12/03/2020